Geography Quiz

Random Geography or World Quiz

Where Is That City? Quiz Stats

 Plays Quiz Updated Sep 24, 2016

Challenge
Share
Tweet
Embed
Score 0/20 Timer 04:00
43 Plays Today
Question Answer Wrong Answers
Osaka Japan
93.4%
North Korea
0.9%
South Korea
1.9%
China
0.9%
Z├╝rich Switzerland
90.4%
France
0.3%
Italy
0.3%
Germany
6.3%
Brisbane Australia
90.2%
Canada
0.8%
Ireland
1.1%
New Zealand
5.2%
Guadalajara Mexico
85.2%
Bolivia
5.1%
Peru
4.1%
Argentina
2.6%
Shenzhen China
82.8%
Mongolia
5%
Vietnam
5.7%
North Korea
3.4%
Kaliningrad Russia
78.9%
Estonia
6.3%
Latvia
5.4%
Lithuania
6.4%
Luxor Egypt
78.4%
United Kingdom
3.7%
Kenya
3.8%
France
11.2%
Lagos Nigeria
78.1%
South Africa
4.3%
Ghana
7.1%
Dem. Rep. of the Congo
7.5%
Montego Bay Jamaica
69%
Cuba
12.7%
Dominican Republic
10.6%
Haiti
4.6%
Linz Austria
68.7%
Czechia
12.1%
Netherlands
4.5%
Slovenia
11.5%
Gaza City Palestine
65.9%
Israel
22.2%
Jordan
5.1%
Syria
4%
Mombasa Kenya
62.9%
Sudan
8.9%
Tanzania
16.2%
Senegal
8.8%
Medina Saudi Arabia
61.1%
Iraq
6.8%
Syria
13.1%
Turkey
16%
Lahore Pakistan
58.8%
India
17.5%
Afghanistan
4.7%
Bangladesh
15.9%
Bergen Norway
57.9%
Sweden
18%
Iceland
3.6%
Denmark
17.5%
Utrecht Netherlands
56.8%
Belgium
16.3%
Germany
16%
Denmark
7.8%
Espoo Finland
52.4%
Estonia
27.1%
Sweden
7.4%
Turkey
9.9%
Curitiba Brazil
49.3%
Portugal
17.6%
Argentina
23.2%
Spain
6.5%
Chittagong Bangladesh
44.2%
Myanmar
25.4%
Pakistan
5.9%
India
21.3%
Constantine Algeria
28.4%
Libya
17.8%
Egypt
27.7%
Morocco
23%

You're not logged in!

Compare scores with friends on all Sporcle quizzes.
Join for Free
OR
Log In

You Might Also Like...

Show Comments

Extras

Top Quizzes Today


Score Distribution

Your Account Isn't Verified!

In order to create a playlist on Sporcle, you need to verify the email address you used during registration. Go to your Sporcle Settings to finish the process.

Report this User

Report this user for behavior that violates our Community Guidelines.

Details: